| 000 | 00709nam a2200217Ia 4500 | ||
|---|---|---|---|
| 003 | GCL | ||
| 008 | 140319s9999 xx 000 0 ara d | ||
| 040 |
_aGCL / _cGCL |
||
| 082 | 0 | 4 |
_a636.08 _bم ت |
| 100 | 1 | _aمحمد يحيى حسين درويش | |
| 245 | 1 | 0 |
_aتربية ورعاية وانتاج الحيوان الزراعى / _cمحمد يحيى حسين درويش |
| 260 |
_a[S.N] : _bمكتبة الانجلوالمصرية ، _c1990 |
||
| 490 | _a | ||
| 650 | 0 | 4 | _aالتربية |
| 650 | 0 | 4 | _aالانتاج الحيوانى |
| 650 | 0 | 4 | _aالماشية |
| 650 | 0 | 4 | _aمزارع الحيوانات |
| 650 | 0 | 4 | _aتغذية |
| 650 | 0 | 4 | _aالحيوانات - تربية |
| 942 |
_2ddc _cBK |
||
| 999 |
_c29700 _d29700 |
||